000 00501 a2200145 4500
999 _c7969
_d7969
020 _a9783319016542 (hard cover : alk. paper)
050 _aK 3248.C85 KUP 2014
245 0 0 _aIndigenous peoples' cultural property claims :
_brepatriation and beyond /
_c[edited by] Karolina Kuprecht.
264 1 _aNew York :
_bSpringer,
_c2013.
300 _a241p.
500 _aIncludes index
650 _aCultural property
_xProperty rights
700 _aKuprecht, Karolina
_eeditor
942 _2lcc
_cBK
_h3248.C85
_iKUP
_kK